Dimitr Blagoev - zakladateľ socialistického hnutia v Bulharsku

Bibliographic Details
Main Author: Kudlička, Emil, 1933-2009 (Author)
Format: Article
Language:Slovak
Subjects:

MARC

LEADER 00000nab a2200000 a 4500
001 vtls000087471
003 SK-MaSNL
005 20260303031854.0
008 150501c1981 xo 0 slo
015 |a SNBRB19rr/mm-uuuuu 
035 |a CL0097574 
040 |a SNKBUCL  |b slo  |c SNKBUCL  |e AACR2 
041 0 |a slo 
044 |a xo  |c SK 
080 |a 323.4  |2 1981 
080 |a 329.15(100-11)  |2 1981 
100 1 |a Kudlička, Emil,  |d 1933-2009  |4 aut  |9 240096 
245 1 0 |a Dimitr Blagoev - zakladateľ socialistického hnutia v Bulharsku  |c Emil Kudlička 
600 1 7 |a Blagoev, Dimitr  |2 snkbucl  |9 1014308 
655 7 |a články z novín a časopisov  |2 snkbucl  |9 267496 
773 0 |t Pravda  |g Roč. 62, č. 140 (16. 6. 1981), s. 6 
850 |a Slovenská národná knižnica v Martine  |a MTA001 
852 |a SNK  |b KIS3GCP 
958 |a RK 
958 |a BG 
992 |a RBX 
999 |c 1660821  |d 1662751